Statistics for IPL teams based of their players

Click here to take the quiz!

General Stats

  • This quiz has been taken 12 times
  • The average score is 9 of 15

Answer Stats

HintAnswer% Correct
Pat CumminsSunrisers
100%
Prithvi ShawCapitals
78%
Ishan KishanIndians
78%
Nathan EllisKings
67%
Riyan ParagRoyals
67%
Rahul TewatiaTitans
67%
Gerald CoetzeeIndians
56%
Yash DayalRoyal Challengers
56%
Kyle MayersSuper Giants
56%
Sai KishoreTitans
56%
Manish PandeyKnight Riders
44%
Kuldeep SenRoyals
44%
Mustafizur RahmanSuper Kings
44%
Yudhvir SinghSuper Giants
33%
Simarjeet SinghSuper Kings
33%

Score Distribution

Percentile by Number Answered

Percent of People with Each Score

Your Score History

You have not taken this quiz